000 00622nam a2200229Ia 4500
003 OSt
005 20220928103052.0
006 a|||||r|||| 00| 0
007 ta
008 220927b |||||||| |||| 00| 0 eng d
024 _a110680
037 _cTextual
040 _aSDCL
_cSDCL
_beng
041 _2eng
_aeng
082 _aO15,2M78,1, 152K5
100 _aDixit Mathura Prasad
_9402052
245 0 _aVeer Pratap natakam.
260 _aVaranasi
_bMathura Prasad Dixit
_c1965
300 _a196p
_ccm.
942 _hO15,2M78,1, 152K5
_cTEXL
_2CC
999 _c717894
_d717894